Normal view
MARC view
- Bond R & Gokhale N
Entry Personal Name
001 - CONTROL NUMBER
- control field: 117489
003 - CONTROL NUMBER IDENTIFIER
- control field: OSt
005 - DATE AND TIME OF LATEST TRANSACTION
- control field: 20230125045437.0
008 - FIXED-LENGTH DATA ELEMENTS
- fixed length control field: 230125|| aca||aabn | a|a d
040 ## - CATALOGING SOURCE
- Original cataloging agency: OSt
- Transcribing agency: OSt
100 ## - HEADING--PERSONAL NAME
- Personal name: Bond R & Gokhale N
670 ## - SOURCE DATA FOUND
- Source citation: Work cat.: (OSt)95311: Bond R 113637, Himalaya: Adventures, Meditations, Life., 2016